000 01208nam a2200325Ia 4500
001 ebr10218145
003 CaPaEBR
006 m u
007 cr cn|||||||||
008 040812s2005 cau fs 001 0 eng d
020 _z9781412900836
020 _z9781847877703 (ebook)
020 _z1412900824 (hbk.)
020 _z1412900832 (pbk.)
040 _aCaPaEBR
_cCaPaEBR
035 _a(OCoLC)608587701
050 1 4 _aZ286.S37
_bK58 2005eb
100 1 _aKitchin, Rob.
245 1 4 _aThe academics' guide to publishing
_h[electronic resource] /
_cRob Kitchin and Duncan Fuller.
260 _aThousand Oaks, Calif. ;
_aLondon :
_bSAGE,
_c2005.
300 _ax, 180 p.
500 _aIncludes index.
533 _aElectronic reproduction.
_bPalo Alto, Calif. :
_cebrary,
_d2009.
_nAvailable via World Wide Web.
_nAccess may be limited to ebrary affiliated libraries.
650 0 _aSocial sciences
_xResearch
_xPublishing.
650 0 _aScholarly publishing.
655 7 _aElectronic books.
_2local
700 1 _aFuller, Duncan.
710 2 _aebrary, Inc.
856 4 0 _uhttp://site.ebrary.com/lib/rucke/Doc?id=10218145
_zAn electronic book accessible through the World Wide Web; click to view
999 _c232039
_d232039